Les relations educations emploi
Bewaard in:
| Hoofdauteur: | |
|---|---|
| Formaat: | Boek |
| Taal: | Frans |
| Gepubliceerd in: |
París
IREM
1981
|
| Reeks: | Reports studies, 92
|
| Onderwerpen: | |
| Tags: |
Voeg label toe
Geen labels, Wees de eerste die dit record labelt!
|
MARC
| LEADER | 00000nam a2200000 a 4500 | ||
|---|---|---|---|
| 001 | UCX8376 | ||
| 003 | CL-VaPUC | ||
| 008 | 940325e19810000FR |||||||||||||||||fre|d | ||
| 082 | 0 | 4 | |a 371.425 |b LAM |2 21 |
| 100 | 0 | |a Lamoure, Jean |e author |9 325491 | |
| 245 | 1 | 4 | |a Les relations educations emploi |
| 300 | |a 169 p | ||
| 942 | |c BK | ||
| 945 | |d 19940325 00:00:00 |a rbrito | ||
| 260 | |a París |b IREM |c 1981 | ||
| 650 | 0 | |a Orientación vocacional |9 255692 | |
| 650 | 0 | |a Orientación profesional |9 308504 | |
| 583 | |a last modification |c 20181001 01:04:10 |k Rodrigo Vera | ||
| 490 | 0 | |a Reports studies, 92 | |
| 999 | |c 227901 |d 227899 | ||
| 952 | |0 0 |1 0 |4 0 |6 371_425000000000000_LAM_1981 |7 0 |8 P |9 227191 |a BIBEDU |b BIBEDU |c BIBEDU_PB |d 2019-11-15 |i 2964287 |o 371.425 LAM 1981 |p 2964287 |r 2024-01-25 |w 2019-11-15 |y BK |k EDU | ||